Financovanie vybraného regiónu s využitím eurofondov bakalárska práca

Gespeichert in:
Bibliographische Detailangaben
1. Verfasser: Triščíková, Ľuboslava
Körperschaft: Podnikovohospodárska fakulta EU so sídlom v Košiciach. Katedra ekonómie
Weitere Verfasser: Bačová, Monika
Format: Buch
Sprache:Slowakisch
Veröffentlicht: Košice 2017
Tags: Tag hinzufügen
Keine Tags, Fügen Sie das erste Tag hinzu!

MARC

LEADER 00000nbm a2200000 4500
001 0231714
005 20240827092304.9
041 0 |a slo 
044 |a SK 
245 1 0 |a Financovanie vybraného regiónu s využitím eurofondov  |b bakalárska práca  |c Ľuboslava Triščíková ; školiteľ: Monika Bačová 
264 1 |a Košice  |c 2017 
300 |a 63 s. 
100 1 |a Triščíková, Ľuboslava 
700 1 |a Bačová, Monika 
710 2 |a Podnikovohospodárska fakulta EU so sídlom v Košiciach. Katedra ekonómie